Inventions and discoveries / (Record no. 7019)

MARC details
000 -LEADER
fixed length control field 00828nam a22002657a 4500
003 - CONTROL NUMBER IDENTIFIER
control field OSt
005 - DATE AND TIME OF LATEST TRANSACTION
control field 20251210053638.0
008 - FIXED-LENGTH DATA ELEMENTS--GENERAL INFORMATION
fixed length control field 251210b |||||||| |||| 00| 0 eng d
020 ## - INTERNATIONAL STANDARD BOOK NUMBER
International Standard Book Number 0709715110
040 ## - CATALOGING SOURCE
Original cataloging agency DWCL - Main
Transcribing agency OC
082 ## - DEWEY DECIMAL CLASSIFICATION NUMBER
Classification number GR 608 In62 2002
100 ## - MAIN ENTRY--PERSONAL NAME
Personal name Venturi, Bianca
Relator term Author
245 ## - TITLE STATEMENT
Title Inventions and discoveries /
Statement of responsibility, etc. Bianca Venturi [and two others]
250 ## - EDITION STATEMENT
Edition statement English edition
260 ## - PUBLICATION, DISTRIBUTION, ETC.
Place of publication, distribution, etc. England:
Name of publisher, distributor, etc. Brown Watson,
Date of publication, distribution, etc. c2002.
300 ## - PHYSICAL DESCRIPTION
Extent 47 p.;
Other physical details col. ill.;
Dimensions 31 cm.
501 ## - WITH NOTE
With note English translated from the Italian.
504 ## - BIBLIOGRAPHY, ETC. NOTE
Bibliography, etc. note Includes glossary.
650 ## - SUBJECT ADDED ENTRY--TOPICAL TERM
Topical term or geographic name entry element 1. Inventions -- History.
650 ## - SUBJECT ADDED ENTRY--TOPICAL TERM
Topical term or geographic name entry element 2. Readers -- Inventions.
650 ## - SUBJECT ADDED ENTRY--TOPICAL TERM
Topical term or geographic name entry element 3. Technology -- History.
700 ## - ADDED ENTRY--PERSONAL NAME
Personal name I. Spurgeon, Maureen
Relator term Editor
700 ## - ADDED ENTRY--PERSONAL NAME
Personal name II. Monzini, Vittorino
Relator term Illustrator
942 ## - ADDED ENTRY ELEMENTS (KOHA)
Source of classification or shelving scheme Dewey Decimal Classification
Koha item type General Reference
Suppress in OPAC No
952 ## - LOCATION AND ITEM INFORMATION (KOHA)
--
Holdings
Withdrawn status Lost status Source of classification or shelving scheme Damaged status Not for loan Home library Current library Shelving location Date acquired Source of acquisition Total Checkouts Full call number Barcode Date last seen Copy number Price effective from Koha item type Uniform Resource Identifier
    Dewey Decimal Classification     Junior High School Library Junior High School Library General Reference 01/20/2005 Library Fund   GR 608 In62 2002 JHS - 12364 12/10/2025 c1 12/10/2025 GR